00450nam a2200145 a 450000500170000000800410001705000240005810000200008224500410010226000370014330000210018065000550020165000280025665000200028420140310183248.0041104s19uu xx 00 eng d aPE 1421b.B627 2000 aBlamires, Harry aThe penguin guide to plain english/. aLondon : bPenguin books,c2000. a360 p. :c20 cm. 2English languagevHandbooks, manuals, etc.xUsage. aSchriftlicher Ausdruck. aSprachgebrauch.